00477nam a2200169 a 450000100060000000300090000600800410001502000150005604000280007108200160009910000190011511000420013424500390017626000480021530000100026365000340027312778CO-ViMGA141112s2004 ck r 000 u spa d a9588040108 aCO-ViMGAbspacCO-ViMGA04a306.36 S1571 aSanta, Eduardo aDe la Academia Colombiana de Historia10aEl libro de los oficios de Ataño aSantafé de Bogotá : bGuadalupe, c1998 a159p.14aEMPLEOS - HISTORIA - COLOMBIA